| 000 | 00973nac a22003131u 4500 | ||
|---|---|---|---|
| 003 | EG-ScBUE | ||
| 005 | 20220616132557.0 | ||
| 008 | 110302r20052000enka f 000 0 eng d | ||
| 020 | _a0521799465 | ||
| 020 | _a9780521799461 | ||
| 040 |
_aEG-ScBUE _beng _cEG-ScBUE _erda _dEG-ScBUE |
||
| 082 | 0 | 4 |
_a428.64 _bHAN _222 |
| 100 | 1 |
_aHancock, Penny, _eauthor. _922354 |
|
| 245 | 1 | 2 |
_aA love for life / _cPenny Hancock. |
| 250 | _aFifth printing. | ||
| 264 | 1 |
_aCambridge : _bCambridge University Press, _c2005. |
|
| 300 |
_a112 pages : _billustrations ; _c20 cm. |
||
| 336 |
_2rdacontent _atext _btxt |
||
| 337 |
_2rdamedia _aunmediated _bn |
||
| 338 |
_2rdacarrier _avolume _bnc |
||
| 490 | 0 |
_aCambridge English readers ; _vlevel 6 |
|
| 521 | _aAdvanced | ||
| 650 | 7 |
_aAdoption _vFiction. _2BUEsh _922352 |
|
| 650 | 7 |
_aReaders for new literates. _2BUEsh |
|
| 651 | _2BUEsh | ||
| 653 | _bHHUUEENN | ||
| 655 |
_vReading book _934232 |
||
| 942 |
_cBB _k428.64 HAN _2ddc |
||
| 999 |
_c3240 _d3240 |
||